| 000 | 00000nam##2200000za#4500 |
| 001 | 9.573791 |
| 003 | CaOODSP |
| 005 | 20230501141950 |
| 007 | cr ||||||||||| |
| 008 | 150406|1992||||xxc|||||o f|0| 0 eng|d |
| 022 | |a1488-5379 |
| 040 | |aCaOODSP|beng |
| 043 | |an-cn--- |
| 086 | 1 |aFs97-6/1876E-PDF |
| 110 | 2 |aMaurice Lamontagne Institute. |
| 245 | 10|aDecrease in chemical contamination of American eels (Anguilla rostrata) captured in the estuary of the St. Lawrence River / |h[electronic resource]|cby P.V. Hodson ... [et al.]. |
| 260 | |aMont-Joli - Quebec : |bFisheries and Oceans Canada. |c1992. |
| 300 | |a66p.|bmap, references, tables |
| 490 | 1 |aCanadian technical report of fisheries and aquatic sciences|x1488-5379|vNo. 1876 |
| 500 | |aIncorrect catalogue number (Fs97-6/1876) and ISSN (0706-6457) for the print edition have been copied in this electronic publication. |
| 546 | |a(Résumé en français) |
| 590 | |a12-22-Supp|b2012-05-24 |
| 720 | 1 |aHodson, P.V. |
| 775 | 08|tBaisse de la pollution chimique des anguilles d'Amérique (Anguilla rostrata) capturées dans l'estuaire du St-Laurent / |w(CaOODSP)9.603999 |
| 776 | 0#|tDecrease in chemical contamination of American eels (Anguilla rostrata) captured in the estuary of the St. Lawrence River / |w(CaOODSP)9.610347 |
| 830 | #0|aCanadian technical report of fisheries and aquatic sciences,|x1488-5379|vNo. 1876|w(CaOODSP)9.504449 |
| 856 | 40|ahttp://publications.gc.ca|qPDF|s3.00 MB|uhttps://publications.gc.ca/collections/collection_2012/mpo-dfo/Fs97-6-1876-eng.pdf|yNo. 1876 |